Angielskie nazwy dyscyplin sportowych - Statystyki

Ogólne statystyki
  • Ten quiz został rozwiązany 148 razy
    145 od ostatniego zresetowania
  • Średni wynik to 16 z 24
Statystyki odpowiedzi
Polski Angielski % Poprawnych
Piłka nożna Football / soccer
99%
Tenis Tennis
98%
Koszykówka Basketball
96%
Siatkówka Volleyball
95%
Piłka ręczna Handball
93%
Pływanie Swimming
93%
Golf Golf
90%
Rugby Rugby
86%
Bieg Run
84%
Futbol amerykański American football
83%
Boks Boxing
80%
Tenis stołowy Table tennis
77%
Narciarstwo Skiing
73%
Kolarstwo Cycling
63%
Triatlon Triathlon
60%
Łucznictwo Archery
48%
Lekkoatletyka Athletics
37%
Łyżwiarstwo Ice skating
37%
Piłka wodna Water polo
37%
Zapasy Wrestling
37%
Żużel Speedway
34%
Szermierka Fencing
21%
Kajakarstwo Canoeing
18%
Jeździectwo Equestrian
8%
Nie znaleziono quizów pasujących do podanych kryteriów
Rozkład punktacji
Procent ludzi z każdym wynikiem
Percentyl według liczby udzielonych odpowiedzi
Twoja historia wyników
Nie rozwiązałeś tego quizu od ostatniego zresetowania